000 01937cam a22003614a 4500
999 _c330082
_d330082
001 12676953
003 NUST
005 20170608093133.0
008 020212s2002 enk b 001 0 eng
010 _a 2002002244
020 _a0745319297 (hardback)
020 _a0745319289 (pbk.)
040 _aDLC
_cDLC
_dDLC
042 _apcc
050 0 0 _aJZ5538
_b.G35 2002
082 0 0 _a327.172
_221
_bGAL 2002
100 1 _aGaltung, Johan.
_92177
245 1 0 _aSearching for peace :
_bthe road to Transcend /
_cJohan Galtung, Carl G. Jacobsen, and Kai Frithjof Brand-Jacobsen.
250 _a2nd ed.
260 _aLondon ;
_aSterling, VA :
_bPluto Press,
_c2002.
300 _axxiii, 338 p. ;
_c23 cm.
440 0 _aPeace by peaceful means
_92178
500 _a"In association with Transcend."
504 _aIncludes bibliographical references and index.
505 0 _aConflict, war, and peace : a bird's eye view -- Peace : the goal and the way -- Peacemaking as realpolitik, conflict resolution, and oxymoron -- Beyond mediation : towards more holistic approaches to peace-building and peace actor empowerment -- 11 September 2001 : diagnosis, prognosis, therapy -- Our war culture's defining parameters -- The state/nation dialectic -- Beyond security : new approaches, new perspectives, new actors -- Crafting peace : on the psychology of the Transcend approach -- Transcend : 45 years, 45 conflicts -- Conflicts : 45 perspectives.
650 0 _aPeace.
_92018
650 0 _aConflict management.
_91884
650 0 _aWar
_vCase studies.
_92179
700 1 _aJacobsen, C. G.
_q(Carl G.)
_92180
700 1 _aBrand-Jacobsen, Kai Frithjof.
_92181
906 _a7
_bcbc
_corignew
_d1
_eecip
_f20
_gy-gencatlg
942 _2ddc
_cBK